| 000 | 00951nam a2200241 a 4500 | ||
|---|---|---|---|
| 001 | 000042722 | ||
| 003 | DO-SdBNP | ||
| 005 | 20240327092452.0 | ||
| 007 | ta | ||
| 008 | 140206s200u dr 000 0 spa d | ||
| 040 |
_aDO-SdBNP _bspa _cBNPHU _erda |
||
| 082 |
_222 _bD542L |
||
| 100 | 1 |
_aDíaz, Máximo A. _965694 _eautor |
|
| 245 | 1 | 0 |
_aLey de registro inmobiliario (No. 108-05) promulgada el 23 de marzo del 2005, Mod. por la ley 51-07, del 7 de agosto del 2007 : _breglamentos de los tribunales superiores de tierras y de jurisdicción original de la jurisdicción inmobiliaria. General de registros de títulos / _cMáximo A. Díaz. |
| 260 |
_a[Santo Domingo] : _bEditora no indentificada _cfecha no identificada |
||
| 300 |
_a290 paginas ; _c21 cm. |
||
| 336 |
_2rdacontent _atexto _btxt |
||
| 337 |
_2rdamedia _asin mediación _bn |
||
| 338 |
_2rdacarrier _avolumen _bnc |
||
| 590 | _aInventariado, 2024/DG | ||
| 910 | _aDG | ||
| 942 |
_2ddc _cLBS1 |
||
| 999 |
_c42211 _d42211 |
||